000 00559nam a22001697a 4500
999 _c12151
_d12151
008 190117b ||||| |||| 00| 0 eng d
020 _a971-542-291-8
082 _22001
_aDFil 899.211
_bP53
245 _aThe Sun, the moon, the stars (Moro-Isolan) /
_cDamiana L. Eugenio (Compiler and Editor)
260 _aQuezon City:
_bUP Press,
_c2001
300 _aPages 126-127;
_c23 cm.
500 _aPhilippine Folk Literature
650 _aMythology
_934416
650 _aLegends
_934417
650 _aPhilippine folk literature (English)
_934418
942 _2ddc
_cDFIL